000 00779nam a2200289Ia 4500
005 20260324113743.0
008 008 260324s9999 xx 000 0 eng d
020 _a9781003303862
037 _aEBOOK
040 _aCRL
040 _beng
040 _cCRL
041 _2eng
041 _aeng
084 _qCRL
100 _aMubashir Majid Baba; Chitra Krishnan; Fatma Nasser Al-Harthy
_91148038
245 0 _aEmotional Intelligence for Leadership Effectiveness
245 0 _bManagement Opportunities and Challenges during Times of Crisis
260 _bTaylor and Francis
260 _c2023
365 _a
365 _b240
856 _uhttp://www.taylorfrancis.com/books/9781003303862
942 _cEBOOK
999 _c1737852
_d1737852